Statistics for Sacramento Kings All-NBA Players

Click here to take the quiz!

General Stats

  • This quiz has been taken 14 times
  • The average score is 6 of 14

Answer Stats

Player % Correct
Oscar Robertson
100%
DeMarcus Cousins
100%
Chris Webber
92%
Peja Stojaković
75%
Mitch Richmond
58%
Jerry Lucas
42%
Nate Archibald
42%
Maurice Stokes
25%
Jack Twyman
25%
Arnie Risen
17%
Bob Davies
17%
Otis Birdsong
17%
Bobby Wanzer
8%
Phil Ford
0%

Score Distribution

Percentile by Number Answered

Percent of People with Each Score

Your Score History

You have not taken this quiz